ბათუმის შოთა რუსთაველის სახელმწიფო უნივერსიტეტის ბიბლიოთეკა

Справочник по элементарной математике : таблицы, алгебра, геометрия, тригонометрия, функции и графики. (ბიბ.ჩანაწერი № 38857)

000 -LEADER
fixed length control field 00867nam a2200217Ia 4500
001 - CONTROL NUMBER
control field 5268
003 - CONTROL NUMBER IDENTIFIER
control field GE_BSU
008 - FIXED-LENGTH DATA ELEMENTS--GENERAL INFORMATION
fixed length control field 181216s||||||||xx |||||||||||||| ||und||
040 ## - CATALOGING SOURCE
Transcribing agency GE_BSU
080 ## - UNIVERSAL DECIMAL CLASSIFICATION NUMBER
Universal Decimal Classification number 51(035)
100 ## - MAIN ENTRY--PERSONAL NAME
Personal name Выгодский М. Я
245 ## - TITLE STATEMENT
Title Справочник по элементарной математике : таблицы, алгебра, геометрия, тригонометрия, функции и графики.
245 ## - TITLE STATEMENT
Statement of responsibility, etc. Ред.Т.И. Кузнецова. Е.Ю.Ходан
250 ## - EDITION STATEMENT
Edition statement изд. 25-е
260 ## - PUBLICATION, DISTRIBUTION, ETC.
Place of publication, distribution, etc. Москва
260 ## - PUBLICATION, DISTRIBUTION, ETC.
Name of publisher, distributor, etc. Наука
260 ## - PUBLICATION, DISTRIBUTION, ETC.
Date of publication, distribution, etc. 1979
300 ## - PHYSICAL DESCRIPTION
Extent 335 с. 20см.
653 ## - INDEX TERM--UNCONTROLLED
Uncontrolled term Справочник по элементарной математике : таблицы, алгебра, геометрия, тригонометрия, функции и графики
942 ## - ADDED ENTRY ELEMENTS (KOHA)
Koha item type წიგნი
ეგზემპლარები
Withdrawn status Lost status Damaged status Not for loan Date acquired Barcode Date last seen Price effective from Koha item type
        2018-12-17 16150 2018-12-17 2018-12-17 წიგნი
        2018-12-17 15511 2018-12-17 2018-12-17 წიგნი